Alle Länder Belgiens (mit Karte) - Statistiken

Allgemein
  • Dieses Quiz wurde 43 mal gespielt
  • Das Durchschnittsergebnis liegt bei 12 aus 14
Antworten auf der Karte
Die Antworten werden auf der Karte rot bzw. grün angezeigt, abhängig davon wie oft sie richtig erraten wurden.
 
Antwortstatistiken
Land % Korrekt
Luxemburg
100%
Niederlande
100%
Belgien
97%
Demokratische Republik Kongo
97%
Deutschland
97%
Ruanda
92%
Burundi
89%
Uganda
89%
Zentralafrikanische Republik
84%
Südsudan
82%
Frankreich
79%
Italien
66%
Guatemala
50%
China
45%
Keine übereinstimmenden Quizze gefunden
Verteilung der Resultate
Anzahl Personen mit jedem Resultat
Perzentil nach korrekt beantworteten Fragen
Ihre Resultats-Entwicklung
Sie haben dieses Quiz noch nicht gespielt